000 00389nam a22001577a 4500
003 MPLRDC
005 20220104123823.0
008 210129b ||||| |||| 00| 0 eng d
082 _a019 DHH c.4
100 _a多湖辉
245 _a轻松有效的读书用功法
_c高阳堂译
260 _a
_b雷鼓出版社
_c1990
300 _b
650 _a读书法
942 _cBK
_o019 DHH c.4
999 _c14463
_d14453